000 00305nam a2200145Ia 4500
100 _aBanks/Jerry
250 _a3
942 _cBK
654 _adiscrete
245 _aDiscrete- Event system simulation
260 _bPearson Education
_c2004
082 _a3.3
_bBAN
300 _a594
546 _aENGLISH
999 _c20433
_d20433